000 01101nam a2200349 i 4500
001 51430
003 KOSZ 005
005 20221216094345.0
008 011010s2000 pl f |000 0 pol d
020 _a8320811937
040 _cBPK
046 _k2000
080 _a005.95/.96
080 _a658.310.8
080 _a(07)
100 1 _aKostera, Monika
_d(1963- )
_eAutor
245 1 0 _aZarządzanie personelem /
_cMonika Kostera.
260 _aWarszawa :
_bPolskie Wydawnictwo Ekonomiczne,
_c2000.
300 _a139, [1] s. :
_b2 wykr. ;
_c21 cm.
336 _2rdacontent
_aTekst
_btxt
337 _2rdamedia
_aBez urządzenia pośredniczącego
_bn
338 _2rdacarrier
_aWolumin
_bnc
380 _aKsiążki
388 _a1901-2000
388 _a1989-2000
650 4 _aZarządzanie zasobami ludzkimi (HRM)
655 4 _aPoradnik
658 _aZarządzanie i marketing
710 2 _aPolskie Wydawnictwo Ekonomiczne
_4pbl.
856 _uhttp://koha.tu.koszalin.pl/cgi-bin/koha/opac-detail.pl?biblionumber=51430
_yKatalog online BPK
942 _cKS
_2UKD
999 _c51430
_d51430